000 00720nam a2200289Ia 4500
005 20260324122021.0
008 008 260324s9999 xx 000 0 eng d
020 _a9780203380956
037 _aEBOOK
040 _aCRL
040 _beng
040 _cCRL
041 _2eng
041 _aeng
084 _qCRL
100 _aGreg Philo; Catherine Happer
_91164785
245 0 _aCommunicating Climate Change and Energy Security
245 0 _bNew Methods in Understanding Audiences
260 _bTaylor and Francis
260 _c2013
365 _a
365 _b240
856 _uhttp://www.taylorfrancis.com/books/9780203380956
942 _cEBOOK
999 _c1757225
_d1757225